Faculty of Law Library — Cairo University

Official Online Catalog

نظام الحكم الإسلامي : (Record no. 50005)

MARC details
000 -LEADER
fixed length control field 01131nam a2200313 4500
003 - CONTROL NUMBER IDENTIFIER
control field EG-GICUC
005 - DATE AND TIME OF LATEST TRANSACTION
control field 20260121101455.0
008 - FIXED-LENGTH DATA ELEMENTS--GENERAL INFORMATION
fixed length control field 251213s1981 ua ||||fr|||| 000 0 eng d
040 ## - CATALOGING SOURCE
Original cataloging agency EG-GICUC
Transcribing agency EG-GICUC
Modifying agency EG-GICUC
Description conventions rda
Language of cataloging ara
041 1# - LANGUAGE CODE
Language code of text/sound track or separate title ara
082 04 - DEWEY DECIMAL CLASSIFICATION NUMBER
Edition number 21
Classification number 257.2
Item number م ح . ن
092 04 - LOCALLY ASSIGNED DEWEY CALL NUMBER (OCLC)
Edition number 21
099 ## - LOCAL FREE-TEXT CALL NUMBER (OCLC)
Classification number Law1 01 257.2 م ح . ن 1981
100 0# - MAIN ENTRY--PERSONAL NAME
Personal name محمود حلمي.
Relator term مؤلف.
245 10 - TITLE STATEMENT
Title نظام الحكم الإسلامي :
Remainder of title مقارنا بالنظم المعاصرة /
Statement of responsibility, etc. محمود حلمي.
250 ## - EDITION STATEMENT
Edition statement الطبعة السادسة.
264 #1 - PRODUCTION, PUBLICATION, DISTRIBUTION, MANUFACTURE, AND COPYRIGHT NOTICE
Place of production, publication, distribution, manufacture [غير محدد] :
Name of producer, publisher, distributor, manufacturer [غيرمحدد]،
Date of production, publication, distribution, manufacture, or copyright notice 1981.
300 #3 - PHYSICAL DESCRIPTION
Extent 415 صفحة، صفحات غير مرقمة ؛
Dimensions 24 سم.
336 ## - CONTENT TYPE
Source rda content
Content type term text
337 ## - MEDIA TYPE
Source rda media
Media type term Computer
338 ## - CARRIER TYPE
Source rda carrier
Carrier type term Online Resource
504 ## - BIBLIOGRAPHY, ETC. NOTE
Bibliography, etc. note يشتمل على إرجاعات ببليوجرافية.<br/><br/>
546 ## - LANGUAGE NOTE
Language note النص باللغة العربية
650 1# - SUBJECT ADDED ENTRY--TOPICAL TERM
Source of heading or term النظام السياسي.
651 1# - SUBJECT ADDED ENTRY--GEOGRAPHIC NAME
Source of heading or term qrmak
856 40 - ELECTRONIC LOCATION AND ACCESS
Uniform Resource Identifier <a href="https://fll.law.cu.edu.eg/fulltext/bks/B01-03208.pdf">https://fll.law.cu.edu.eg/fulltext/bks/B01-03208.pdf</a>
905 ## - Cataloger and Reviser Names
Cataloger Name: Omar
Revisor Name: Yara
942 ## - ADDED ENTRY ELEMENTS (KOHA)
Source of classification or shelving scheme Dewey Decimal Classification
Koha item type Books
Edition 21
Suppress in OPAC No
Holdings
Withdrawn status Lost status Source of classification or shelving scheme Damaged status Not for loan Collection Home library Current library Date acquired Total checkouts Full call number Barcode Date last seen Copy number Price effective from Koha item type
    Dewey Decimal Classification   Not for loan الشريعة الإسلامية جــــامعة القــاهرة مكتبة كلية الحقوق - المبنى الرئيسي 13.12.2025   Law1 01 257.2 م ح . ن 6 ed - 1981 0103208 C1 B01-03208 13.12.2025 1 13.12.2025 Books

© All rights reserved — Faculty of Law, Cairo University